[Event "Colombia ch sf 2009 femenina"]
[Site "Buga COL"]
[Date "2009.06.01"]
[Round "5.2"]
[White "Rua, Nora"]
[Black "Herrera, Milena"]
[Result "0-1"]
[WhiteElo "2009"]
[BlackElo "2108"]
[PlyCount "84"]
[EventDate "2009.05.30"]
[EventType "swiss"]
[EventRounds "7"]
[EventCountry "COL"]
[Source "lmi"]
[SourceDate "2009.05.30"]

1. d4 Nf6 2. Nf3 e6 3. Bf4 b6 4. e3 Bb7 5. Nbd2 Be7 6. h3 c5 7. c3 O-O 8. Bd3
d6 9. O-O Nc6 10. Qe2 d5 11. Rfd1 Bd6 12. Bxd6 Qxd6 13. e4 dxe4 14. Nxe4 Nxe4
15. Bxe4 Rad8 16. Ne5 Nxe5 17. Bxb7 Ng6 18. Be4 cxd4 19. Rxd4 Qe5 20. Rad1 Qg5
21. Bxg6 hxg6 22. Qd3 Rxd4 23. Qxd4 Qa5 24. a3 Qb5 25. Rd2 Qf5 26. c4 e5 27.
Qd5 Qf4 28. a4 e4 29. b3 e3 30. Rc2 exf2+ 31. Rxf2 Qe3 32. b4 Qe1+ 33. Rf1 Qxb4
34. Rf4 Qxa4 35. Rg4 Qa1+ 36. Kh2 Qb1 37. h4 Qf5 38. Qd1 Re8 39. Rd4 Qe5+ 40.
Kh3 a5 41. Rd5 Qc3+ 42. Qd3 Re3+ 0-1

[Event "Colombia ch sf 2009 femenina"]
[Site "Buga COL"]
[Date "2009.06.01"]
[Round "5.3"]
[White "Matta, Paola Andrea"]
[Black "Rodriguez Rueda, Paula Andrea"]
[Result "1/2-1/2"]
[WhiteElo "2055"]
[BlackElo "2035"]
[PlyCount "96"]
[EventDate "2009.05.30"]
[EventType "swiss"]
[EventRounds "7"]
[EventCountry "COL"]
[Source "lmi"]
[SourceDate "2009.05.30"]

1. Nf3 d5 2. c4 e6 3. g3 Nf6 4. Bg2 Be7 5. O-O O-O 6. Qc2 c6 7. d4 b6 8. Rd1
Bb7 9. b3 Nbd7 10. Nc3 Rc8 11. e4 dxe4 12. Ng5 h6 13. Ngxe4 Nxe4 14. Nxe4 Nf6
15. Bf4 Qd7 16. c5 Nxe4 17. Qxe4 Rfd8 18. Bf3 Qd5 19. Qe3 Qf5 20. Be4 Qh5 21.
Bf3 Qf5 22. g4 Qg6 23. b4 Bg5 24. Bxg5 Qxg5 25. Qxg5 hxg5 26. a4 Rc7 27. cxb6
axb6 28. a5 bxa5 29. Rxa5 Rcd7 30. Rc1 Rxd4 31. b5 Kf8 32. bxc6 Bc8 33. c7 Re8
34. Ra8 Ke7 35. h3 Rd7 36. Be2 Rd5 37. Bf3 Rd7 38. Ra5 f6 39. Be2 Rd5 40. Ra8
e5 41. Bf3 Rd7 42. Be4 Rd6 43. Rxc8 Rxc8 44. Bf5 Re6 45. Rc3 Kd6 46. Rd3+ Ke7
47. f3 Rxc7 48. Bxe6 Kxe6 1/2-1/2

[Event "Colombia ch sf 2009 femenina"]
[Site "Buga COL"]
[Date "2009.06.01"]
[Round "5.4"]
[White "Salazar, Dirza Marcela"]
[Black "Orozco, Luz Elena"]
[Result "0-1"]
[WhiteElo "1921"]
[BlackElo "2058"]
[PlyCount "63"]
[EventDate "2009.05.30"]
[EventType "swiss"]
[EventRounds "7"]
[EventCountry "COL"]
[Source "lmi"]
[SourceDate "2009.05.30"]

1. e4 c5 2. Nf3 Nc6 3. d4 cxd4 4. Nxd4 e5 5. Nb5 d6 6. N1c3 a6 7. Na3 b5 8. Nd5
Nge7 9. Nxe7 Bxe7 10. Bd3 Be6 11. O-O O-O 12. Bd2 d5 13. Qh5 g6 14. Qe2 f5 15.
exf5 gxf5 16. Qf3 Kh8 17. Qh5 b4 18. Nb1 e4 19. Be2 Nd4 20. Bd1 a5 21. c3 Nc6
22. Be3 Ne5 23. Bh6 Rg8 24. Nd2 Bg5 25. Ba4 Nd3 26. cxb4 Qf6 27. Bxg5 Rxg5 28.
Qe2 Rxg2+ 29. Kxg2 Nf4+ 30. Kh1 Nxe2 31. Bc6 Rc8 32. b5 0-1

[Event "Colombia ch sf 2009 femenina"]
[Site "Buga COL"]
[Date "2009.06.01"]
[Round "5.5"]
[White "Aguilar, Natalia Andrea"]
[Black "Orozco, Lina Yomayra"]
[Result "0-1"]
[WhiteElo "1930"]
[BlackElo "2111"]
[PlyCount "80"]
[EventDate "2009.05.30"]
[EventType "swiss"]
[EventRounds "7"]
[EventCountry "COL"]
[Source "lmi"]
[SourceDate "2009.05.30"]

1. d4 Nf6 2. Nf3 e6 3. c4 d5 4. Nc3 Be7 5. e3 O-O 6. Be2 a6 7. b3 c5 8. O-O Nc6
9. Bb2 b6 10. Rc1 Bb7 11. cxd5 Nxd5 12. dxc5 Nxc3 13. Bxc3 Bxc5 14. Qc2 Nb4 15.
Qb1 Rc8 16. Rfd1 Qe7 17. Bb2 f5 18. a3 Be4 19. Qa1 Nc2 20. Qa2 Bxa3 21. Bxa3
Nxa3 22. b4 Rc2 23. Rxc2 Nxc2 24. Qxa6 Qxb4 25. Qa2 Qe7 26. Qb3 Nb4 27. Nd4 Bd5
28. Bc4 Bxc4 29. Qxc4 Re8 30. Nxf5 Qc5 31. Nd6 Qxc4 32. Nxc4 Nd5 33. e4 Nc3 34.
Re1 b5 35. Nb2 Rd8 36. Kf1 Rd2 37. Rc1 Nxe4 38. Nd1 b4 39. Ke1 Rd4 40. f3 Nf6
0-1

[Event "Colombia ch sf 2009 femenina"]
[Site "Buga COL"]
[Date "2009.06.01"]
[Round "5.7"]
[White "Panesso, Lina"]
[Black "Echeverry, Maria Yesenia"]
[Result "1-0"]
[WhiteElo "1989"]
[BlackElo "1819"]
[PlyCount "62"]
[EventDate "2009.05.30"]
[EventType "swiss"]
[EventRounds "7"]
[EventCountry "COL"]
[Source "lmi"]
[SourceDate "2009.05.30"]

1. e4 c5 2. Nf3 Nc6 3. d4 cxd4 4. Nxd4 Nf6 5. Nc3 d6 6. Bc4 e6 7. Bb3 a6 8. Be3
Qc7 9. O-O Be7 10. f4 Nxd4 11. Bxd4 b5 12. a3 O-O 13. Qd3 Bb7 14. f5 e5 15. Bf2
Ng4 16. Kh1 Rac8 17. Rad1 Kh8 18. Qe2 Nxf2+ 19. Rxf2 f6 20. Qh5 Bc6 21. Rd3 h6
22. Qd1 a5 23. Rg3 Bd8 24. Rd2 b4 25. axb4 axb4 26. Nd5 Bxd5 27. Bxd5 Qa7 28.
Rg6 Bb6 29. Rd3 Rc7 30. Qc1 Bd4 31. Rxh6+ gxh6 1-0

[Event "Colombia ch sf 2009 femenina"]
[Site "Buga COL"]
[Date "2009.06.01"]
[Round "5.8"]
[White "Granada, Angie"]
[Black "Garcia, Martha Liliana"]
[Result "1/2-1/2"]
[WhiteElo "1914"]
[BlackElo "1982"]
[PlyCount "62"]
[EventDate "2009.05.30"]
[EventType "swiss"]
[EventRounds "7"]
[EventCountry "COL"]
[Source "lmi"]
[SourceDate "2009.05.30"]

1. d4 Nf6 2. c4 d6 3. Nc3 Nbd7 4. e4 e5 5. d5 Be7 6. Bd3 O-O 7. Nge2 Nc5 8. b4
Nxd3+ 9. Qxd3 c6 10. O-O cxd5 11. cxd5 a5 12. b5 a4 13. f3 Nd7 14. Be3 Nb6 15.
Rac1 Bg5 16. Bxg5 Qxg5 17. Nb1 Bh3 18. Ng3 Bd7 19. Rc7 Rab8 20. Nd2 Rfc8 21.
Rfc1 Rxc7 22. Rxc7 Qd8 23. Rc2 Rc8 24. Ne2 Rc7 25. Rxc7 Qxc7 26. Qc3 Qxc3 27.
Nxc3 Kf8 28. Kf2 Ke7 29. Ke3 Kd8 30. Kd3 Kc7 31. Nc4 f6 1/2-1/2

[Event "Colombia ch sf 2009 femenina"]
[Site "Buga COL"]
[Date "2009.06.01"]
[Round "5.9"]
[White "Rivera, Ingris"]
[Black "Aragon Aviles, Sandra"]
[Result "1-0"]
[WhiteElo "2187"]
[BlackElo "1705"]
[PlyCount "59"]
[EventDate "2009.05.30"]
[EventType "swiss"]
[EventRounds "7"]
[EventCountry "COL"]
[Source "lmi"]
[SourceDate "2009.05.30"]

1. d4 Nf6 2. Nf3 g6 3. Bf4 Bg7 4. Nbd2 d6 5. e4 O-O 6. c3 c5 7. Qb3 b6 8. Bc4
e6 9. dxc5 dxc5 10. O-O-O Bb7 11. Ng5 Qe7 12. Bxe6 fxe6 13. Nxe6 Re8 14. Nc7+
Kh8 15. Nxe8 Qxe8 16. f3 Nc6 17. Nc4 Bf8 18. Bg5 Nd7 19. Rhe1 h6 20. Bf4 g5 21.
Bg3 Kh7 22. Nd6 Bxd6 23. Rxd6 Nde5 24. Qd5 Rb8 25. Rxc6 Nxc6 26. Bxb8 Qxb8 27.
Qf7+ Kh8 28. e5 Nd8 29. Qf6+ Kh7 30. Rd1 1-0

[Event "Colombia ch sf 2009 femenina"]
[Site "Buga COL"]
[Date "2009.06.01"]
[Round "6.1"]
[White "Franco Valencia, Beatriz I"]
[Black "Herrera, Milena"]
[Result "1-0"]
[WhiteElo "2155"]
[BlackElo "2108"]
[PlyCount "123"]
[EventDate "2009.05.30"]
[EventType "swiss"]
[EventRounds "7"]
[EventCountry "COL"]
[Source "lmi"]
[SourceDate "2009.05.30"]

1. e4 c5 2. Nc3 a6 3. a4 e6 4. g3 Nc6 5. Bg2 d6 6. Nf3 Nge7 7. d4 cxd4 8. Nxd4
Qb6 9. Nb3 Qc7 10. f4 Ng6 11. Be3 Na5 12. Nxa5 Qxa5 13. O-O Be7 14. Qd2 O-O 15.
Nd5 Qxd2 16. Nxe7+ Nxe7 17. Bxd2 Rd8 18. Ba5 Rd7 19. Rfd1 d5 20. exd5 Nxd5 21.
Rd3 b5 22. b3 Rb8 23. axb5 axb5 24. Rad1 Kf8 25. c4 bxc4 26. bxc4 Nf6 27. Rxd7
Bxd7 28. c5 Nd5 29. Bxd5 exd5 30. Rxd5 Bc6 31. Rd6 Rc8 32. Kf2 Bh1 33. Bb6 Rc6
34. Rd1 Be4 35. Ke3 f5 36. Rd7 Rh6 37. Rd2 Re6 38. Kd4 Bc6 39. Bc7 Re4+ 40. Kc3
Kf7 41. Be5 Ra4 42. Rd6 Ra6 43. Rd8 h6 44. Rc8 g5 45. Rc7+ Ke8 46. Rh7 Bd5 47.
Bd6 gxf4 48. gxf4 Ra3+ 49. Kd4 Bg2 50. Rxh6 Rh3 51. Rxh3 Bxh3 52. c6 Kd8 53.
Ke5 Bg2 54. c7+ Kd7 55. h4 Bf3 56. Kxf5 Bg2 57. Kg5 Bh3 58. Be5 Ke7 59. f5 Kd7
60. f6 Ke8 61. Kg6 Be6 62. c8=Q+ 1-0

[Event "Colombia ch sf 2009 femenina"]
[Site "Buga COL"]
[Date "2009.06.01"]
[Round "6.2"]
[White "Orozco, Luz Elena"]
[Black "Matta, Paola Andrea"]
[Result "1-0"]
[WhiteElo "2058"]
[BlackElo "2055"]
[PlyCount "131"]
[EventDate "2009.05.30"]
[EventType "swiss"]
[EventRounds "7"]
[EventCountry "COL"]
[Source "lmi"]
[SourceDate "2009.05.30"]

1. e4 c5 2. Nf3 d6 3. d4 cxd4 4. Nxd4 Nf6 5. Nc3 a6 6. Bg5 e6 7. f4 Be7 8. Qf3
h6 9. Bxf6 Bxf6 10. O-O-O Qb6 11. Nb3 Qc7 12. Nd4 Nd7 13. h4 Nc5 14. g4 Be7 15.
g5 b5 16. a3 Bb7 17. Bg2 O-O-O 18. Qe2 Kb8 19. Kb1 Nd7 20. g6 Bf6 21. gxf7 Nc5
22. Bf3 Bxd4 23. Rxd4 Qxf7 24. Qd2 Rdf8 25. Ne2 e5 26. Rxd6 Nxe4 27. Bxe4 Bxe4
28. Rf1 Qc4 29. Rf2 Bb7 30. h5 e4 31. Rd4 Qe6 32. Qe3 Rd8 33. Rg2 Qe7 34. Rg6
Rhf8 35. Rg3 Qf7 36. Rh3 Rd7 37. Rh1 Rfd8 38. Rh2 Qf6 39. Rxd7 Rxd7 40. Nc3 Qd4
41. Qg3 e3 42. Re2 Re7 43. f5+ Qe5 44. Rxe3 Qxg3 45. Rxg3 Rf7 46. f6 gxf6 47.
Rg6 f5 48. Rxh6 f4 49. Nd1 Rg7 50. Rg6 Rxg6 51. hxg6 Bd5 52. Kc1 Kc7 53. Kd2
Kd6 54. Nc3 Be6 55. Ne4+ Ke7 56. Ke2 Kf8 57. Kf3 Bf5 58. Kxf4 Bxg6 59. c3 Ke7
60. Nc5 a5 61. Ke5 Bh5 62. Nb7 a4 63. Nd6 Be2 64. Kd5 Kd7 65. Kc5 Ke6 66. Nxb5
1-0

[Event "Colombia ch sf 2009 femenina"]
[Site "Buga COL"]
[Date "2009.06.01"]
[Round "6.3"]
[White "Rodriguez Rueda, Paula Andrea"]
[Black "Castrillon Gomez, Melissa"]
[Result "1-0"]
[WhiteElo "2035"]
[BlackElo "2027"]
[PlyCount "141"]
[EventDate "2009.05.30"]
[EventType "swiss"]
[EventRounds "7"]
[EventCountry "COL"]
[Source "lmi"]
[SourceDate "2009.05.30"]

1. d4 Nf6 2. c4 g6 3. Nc3 Bg7 4. e4 d6 5. f4 O-O 6. Nf3 Nbd7 7. Be2 e5 8. O-O
exd4 9. Nxd4 Nc5 10. Bf3 Re8 11. Re1 a5 12. Rb1 Ng4 13. Re2 Qf6 14. Nc2 Qh4 15.
h3 Nf6 16. Be3 Nh5 17. Nd5 Ng3 18. Nxc7 Nxe2+ 19. Qxe2 Bd7 20. Nxa8 Rxa8 21.
Rd1 Qe7 22. Bxc5 dxc5 23. e5 Bh6 24. Ne3 Be6 25. Nd5 Bxd5 26. Bxd5 Re8 27. Qe4
b6 28. Rf1 Qh4 29. Kh2 Bg7 30. g3 Qe7 31. Re1 Rb8 32. a4 Re8 33. b3 g5 34. Qf5
gxf4 35. gxf4 Rf8 36. Rg1 Qh4 37. Rg2 Kh8 38. Qg4 Qh6 39. h4 f6 40. e6 f5 41.
Qg5 Qf6 42. Qg3 Qe7 43. h5 Bf6 44. h6 Qe8 45. Qh3 Be7 46. Kh1 Rf6 47. Rg7 Qf8
48. Rf7 Qxh6 49. Qxh6 Rxh6+ 50. Kg2 Rg6+ 51. Kf3 Rg7 52. Rxf5 h6 53. Rh5 Rg6
54. Ke4 Kg7 55. Ke5 Rg1 56. Rf5 Re1+ 57. Be4 Bd8 58. Rf7+ Kg8 59. e7 Bc7+ 60.
Kf6 Rxe4 61. Rf8+ Kh7 62. e8=Q Rxe8 63. Rxe8 Bxf4 64. Re7+ Kg8 65. Rb7 h5 66.
Rxb6 h4 67. Rb5 Kh7 68. Rxc5 Kh6 69. Rf5 Bd2 70. c5 h3 71. Rf3 1-0

[Event "Colombia ch sf 2009 femenina"]
[Site "Buga COL"]
[Date "2009.06.01"]
[Round "6.4"]
[White "Panesso, Lina"]
[Black "Salazar, Aura Cristina"]
[Result "0-1"]
[WhiteElo "1989"]
[BlackElo "2031"]
[PlyCount "90"]
[EventDate "2009.05.30"]
[EventType "swiss"]
[EventRounds "7"]
[EventCountry "COL"]
[Source "lmi"]
[SourceDate "2009.05.30"]

1. e4 c5 2. Nf3 d6 3. d4 cxd4 4. Nxd4 Nf6 5. Nc3 g6 6. f4 Nc6 7. Nf3 Bg7 8. Bd3
O-O 9. O-O Be6 10. Qe1 Rc8 11. Qh4 Bg4 12. Kh1 Bxf3 13. Rxf3 e6 14. Rh3 h6 15.
g4 Nd7 16. g5 h5 17. Be2 Re8 18. a3 Nd4 19. Bd1 d5 20. exd5 exd5 21. Qf2 Nf5
22. Bf3 Nb6 23. a4 Bd4 24. Qf1 Rxc3 25. bxc3 Bxc3 26. Ba3 Ne3 27. Qc1 Bxa1 28.
Qxa1 Nxc2 29. Qc3 Qc8 30. Qxc8 Rxc8 31. Bb2 Nxa4 32. Bf6 Ne3 33. Kg1 Nf5 34.
Bg4 Rc1+ 35. Kf2 Ng7 36. Bd7 Nc5 37. Bb5 Rc2+ 38. Kg1 Ne4 39. Bd3 Nf2 40. Re3
Nxd3 41. Rxd3 Rc5 42. Re3 Ne6 43. h4 Kf8 44. Be5 Ke7 45. Bb2 Kd7 0-1

[Event "Colombia ch sf 2009 femenina"]
[Site "Buga COL"]
[Date "2009.06.01"]
[Round "6.5"]
[White "Orozco, Lina Yomayra"]
[Black "Rua, Nora"]
[Result "1-0"]
[WhiteElo "2111"]
[BlackElo "2009"]
[PlyCount "71"]
[EventDate "2009.05.30"]
[EventType "swiss"]
[EventRounds "7"]
[EventCountry "COL"]
[Source "lmi"]
[SourceDate "2009.05.30"]

1. e4 e5 2. Nf3 Nc6 3. Bb5 a6 4. Ba4 Nf6 5. O-O Be7 6. Re1 b5 7. Bb3 d6 8. c3
Na5 9. Bc2 c5 10. d4 Qc7 11. h3 Nc6 12. d5 Na5 13. Nbd2 O-O 14. Nf1 Bd7 15. g4
c4 16. Ng3 Rfe8 17. g5 Bxh3 18. gxf6 Bxf6 19. Ng5 Bxg5 20. Bxg5 Qd7 21. Qh5 Bg4
22. Qh2 f6 23. Bd2 Qf7 24. Qg2 Kf8 25. Bd1 Bd7 26. Qh2 Ke7 27. Qxh7 Rh8 28.
Nf5+ Bxf5 29. Qxf5 Rh4 30. Bg4 Nb7 31. Qd7+ Kf8 32. Qxf7+ Kxf7 33. Bf3 Rah8 34.
Be3 g5 35. a4 g4 36. Bg2 1-0

[Event "Colombia ch sf 2009 femenina"]
[Site "Buga COL"]
[Date "2009.06.01"]
[Round "6.6"]
[White "Garcia, Martha Liliana"]
[Black "Rivera, Ingris"]
[Result "0-1"]
[WhiteElo "1982"]
[BlackElo "2187"]
[PlyCount "110"]
[EventDate "2009.05.30"]
[EventType "swiss"]
[EventRounds "7"]
[EventCountry "COL"]
[Source "lmi"]
[SourceDate "2009.05.30"]

1. e4 c5 2. g3 Nc6 3. Bg2 g6 4. d3 Bg7 5. c3 d6 6. Ne2 e5 7. Be3 Nge7 8. Qd2
O-O 9. h4 h5 10. Na3 Rb8 11. Bh6 b5 12. Nc2 Be6 13. Bxg7 Kxg7 14. d4 cxd4 15.
cxd4 d5 16. O-O dxe4 17. Bxe4 Bd5 18. Bxd5 Qxd5 19. Nc3 Qd7 20. Rad1 Rfd8 21.
Qe2 exd4 22. Ne1 Qg4 23. Qxg4 hxg4 24. Ne4 Ne5 25. Nd3 Nxd3 26. Rxd3 Nc6 27.
Rfd1 Ne5 28. Ra3 Rb7 29. Kf1 Rc7 30. Ra5 Rd5 31. a4 Rc2 32. Rxa7 Rxb2 33. axb5
Rbxb5 34. Ra4 Nf3 35. Nd2 Rb2 36. Nc4 Rc2 37. Na3 Ra2 38. Ra7 Nd2+ 39. Kg1 Nc4
40. Nb5 Rxa7 41. Nxa7 d3 42. Nc6 d2 43. Kf1 Nb2 44. Ke2 Nxd1 45. Kxd1 Rf5 46.
Kxd2 Rxf2+ 47. Ke3 Rf3+ 48. Ke4 f5+ 49. Ke5 Rxg3 50. h5 gxh5 51. Kxf5 h4 52.
Nd4 h3 53. Kf4 Rg2 54. Nf5+ Kf6 55. Ne3 h2 0-1

[Event "Colombia ch sf 2009 femenina"]
[Site "Buga COL"]
[Date "2009.06.01"]
[Round "6.7"]
[White "Salazar, Dirza Marcela"]
[Black "Granada, Angie"]
[Result "1-0"]
[WhiteElo "1921"]
[BlackElo "1914"]
[PlyCount "85"]
[EventDate "2009.05.30"]
[EventType "swiss"]
[EventRounds "7"]
[EventCountry "COL"]
[Source "lmi"]
[SourceDate "2009.05.30"]

1. e4 c5 2. Nf3 d6 3. d4 cxd4 4. Nxd4 Nf6 5. Nc3 g6 6. Be3 Bg7 7. f3 O-O 8. Qd2
Nc6 9. Bc4 Bd7 10. O-O-O Rc8 11. Bb3 Nxd4 12. Bxd4 b5 13. Nd5 Nxd5 14. Bxg7
Kxg7 15. exd5 a5 16. a3 Qc7 17. g4 Rb8 18. Rhe1 Rfe8 19. Re4 Kg8 20. Kb1 Qa7
21. Rde1 Bc8 22. h3 Rb7 23. f4 b4 24. axb4 a4 25. Ba2 a3 26. b3 Qb8 27. R1e3
Rc7 28. Rc4 Ra7 29. Qe1 Bb7 30. Qd2 Qd8 31. Qd4 Qa8 32. Rc7 Ra6 33. c4 Qb8 34.
Rcxe7 Rf8 35. f5 Ba8 36. b5 Rb6 37. fxg6 hxg6 38. Ka1 Rb7 39. Rxb7 Qxb7 40. Bb1
Qc7 41. Ka2 Qa5 42. Qc3 Qa7 43. h4 1-0

[Event "Colombia ch sf 2009 femenina"]
[Site "Buga COL"]
[Date "2009.06.01"]
[Round "6.8"]
[White "Salcedo, Diana"]
[Black "Aguilar, Natalia Andrea"]
[Result "1/2-1/2"]
[WhiteElo "1961"]
[BlackElo "1930"]
[PlyCount "102"]
[EventDate "2009.05.30"]
[EventType "swiss"]
[EventRounds "7"]
[EventCountry "COL"]
[Source "lmi"]
[SourceDate "2009.05.30"]

1. c4 Nf6 2. Nc3 e6 3. e4 c5 4. Nf3 d6 5. d4 cxd4 6. Nxd4 a6 7. Be3 Be7 8. Be2
Qc7 9. O-O Nc6 10. Rc1 Bd7 11. Qd2 O-O 12. Rfd1 Rac8 13. Bg5 Rfd8 14. Nb3 Be8
15. Bf4 Ne5 16. Bg3 Bc6 17. f4 Ng6 18. Qe3 Qb8 19. Bf3 Rd7 20. Kh1 Rcd8 21. Qe2
b6 22. Rd2 Qa8 23. Rcd1 d5 24. e5 Ne4 25. Bxe4 dxe4 26. Rxd7 Rxd7 27. Rxd7 Bxd7
28. Qxe4 Bc6 29. Qe2 h5 30. h3 Bb4 31. Nd1 b5 32. cxb5 axb5 33. a3 Bd5 34. Qc2
h4 35. Bh2 Be1 36. Ne3 Be4 37. Qe2 Bg3 38. Qxb5 Bxf4 39. Bxf4 Nxf4 40. Qf1 Nxh3
41. Kh2 Ng5 42. Qf4 Qd8 43. Nd2 Bc6 44. Qxh4 Qxd2 45. Qxg5 Qxb2 46. Nc4 Qc2 47.
Nd6 Qh7+ 48. Kg1 Qb1+ 49. Kh2 Qh7+ 50. Kg1 Qb1+ 51. Kh2 Qh7+ 1/2-1/2

[Event "Colombia ch sf 2009 femenina"]
[Site "Buga COL"]
[Date "2009.06.02"]
[Round "7.1"]
[White "Rodriguez Rueda, Paula Andrea"]
[Black "Franco Valencia, Beatriz I"]
[Result "1/2-1/2"]
[WhiteElo "2035"]
[BlackElo "2155"]
[PlyCount "69"]
[EventDate "2009.05.30"]
[EventType "swiss"]
[EventRounds "7"]
[EventCountry "COL"]
[Source "lmi"]
[SourceDate "2009.05.30"]

1. d4 Nf6 2. c4 e6 3. Nf3 b6 4. g3 Bb7 5. Bg2 d5 6. cxd5 exd5 7. O-O Be7 8. Nc3
O-O 9. Ne5 Ne4 10. Qc2 Nxc3 11. Qxc3 f6 12. Nd3 Ba6 13. Bf4 Bxd3 14. Qxd3 c6
15. e3 Bd6 16. Bxd6 Qxd6 17. Rac1 Rd8 18. Qf5 Qd7 19. Qxd7 Rxd7 20. Rc2 Rc7 21.
Bh3 Na6 22. Rcc1 c5 23. dxc5 Rxc5 24. Rxc5 Nxc5 25. Bg2 Rd8 26. Re1 Kf7 27. e4
Nxe4 28. Bxe4 dxe4 29. Rxe4 Rd2 30. Rb4 Re2 31. Rb3 Rd2 32. Rb4 Re2 33. Rb3 Rd2
34. Rb4 Re2 35. Rb3 1/2-1/2

[Event "Colombia ch sf 2009 femenina"]
[Site "Buga COL"]
[Date "2009.06.02"]
[Round "7.2"]
[White "Herrera, Milena"]
[Black "Orozco, Luz Elena"]
[Result "1/2-1/2"]
[WhiteElo "2108"]
[BlackElo "2058"]
[PlyCount "69"]
[EventDate "2009.05.30"]
[EventType "swiss"]
[EventRounds "7"]
[EventCountry "COL"]
[Source "lmi"]
[SourceDate "2009.05.30"]

1. e4 c5 2. Nf3 Nc6 3. d4 cxd4 4. Nxd4 Nf6 5. Nc3 e5 6. Ndb5 d6 7. Bg5 a6 8.
Na3 b5 9. Nd5 Be7 10. Bxf6 Bxf6 11. c3 O-O 12. Nc2 Bg5 13. a4 bxa4 14. Rxa4 a5
15. Bc4 Ba6 16. Bxa6 Rxa6 17. O-O f5 18. exf5 Rxf5 19. Nce3 Bxe3 20. Nxe3 Rf8
21. Rc4 Ne7 22. Nd5 Nxd5 23. Qxd5+ Kh8 24. Qb7 Qb6 25. Qxb6 Rxb6 26. b4 axb4
27. cxb4 Rfb8 28. Rd1 Rxb4 29. Rxb4 Rxb4 30. h3 Rd4 31. Rxd4 exd4 32. Kf1 Kg8
33. Ke2 Kf7 34. Kd3 Ke6 35. Kxd4 1/2-1/2

[Event "Colombia ch sf 2009 femenina"]
[Site "Buga COL"]
[Date "2009.06.02"]
[Round "7.3"]
[White "Salazar, Aura Cristina"]
[Black "Orozco, Lina Yomayra"]
[Result "1/2-1/2"]
[WhiteElo "2031"]
[BlackElo "2111"]
[PlyCount "29"]
[EventDate "2009.05.30"]
[EventType "swiss"]
[EventRounds "7"]
[EventCountry "COL"]
[Source "lmi"]
[SourceDate "2009.05.30"]

1. e4 c5 2. Nf3 e6 3. d4 cxd4 4. Nxd4 a6 5. Bd3 Nf6 6. O-O Qc7 7. Qe2 Nc6 8.
Nxc6 dxc6 9. Be3 Nd7 10. Nc3 Nf6 11. Kh1 Nd7 12. Kg1 Nf6 13. Kh1 Nd7 14. Kg1
Nf6 15. Kh1 1/2-1/2

[Event "Colombia ch sf 2009 femenina"]
[Site "Buga COL"]
[Date "2009.06.02"]
[Round "7.4"]
[White "Rivera, Ingris"]
[Black "Matta, Paola Andrea"]
[Result "1-0"]
[WhiteElo "2187"]
[BlackElo "2055"]
[PlyCount "75"]
[EventDate "2009.05.30"]
[EventType "swiss"]
[EventRounds "7"]
[EventCountry "COL"]
[Source "lmi"]
[SourceDate "2009.05.30"]

1. d4 f5 2. g3 Nf6 3. Bg2 e6 4. c4 Be7 5. Nc3 O-O 6. d5 e5 7. e3 Bb4 8. Nge2 d6
9. O-O Bxc3 10. Nxc3 e4 11. f3 Qe7 12. fxe4 fxe4 13. Qd4 c5 14. dxc6 Nxc6 15.
Qd2 Be6 16. b3 Bf7 17. Ba3 Qe6 18. Qxd6 Qxd6 19. Bxd6 Rfd8 20. Ba3 Rd3 21. Nxe4
Ng4 22. Ng5 Bg6 23. Bd5+ Kh8 24. Nf7+ Bxf7 25. Rxf7 Nce5 26. Rxb7 Nxe3 27. Re7
Nxd5 28. Rxe5 Nf6 29. Rae1 Rd2 30. R1e2 Rad8 31. Bb4 Rd1+ 32. Kg2 Kg8 33. Be7
R8d7 34. Rf2 Kf7 35. Bxf6 gxf6 36. Ref5 R7d6 37. c5 Rc6 38. b4 1-0

[Event "Colombia ch sf 2009 femenina"]
[Site "Buga COL"]
[Date "2009.06.02"]
[Round "7.5"]
[White "Castrillon Gomez, Melissa"]
[Black "Salazar, Dirza Marcela"]
[Result "0-1"]
[WhiteElo "2027"]
[BlackElo "1921"]
[PlyCount "44"]
[EventDate "2009.05.30"]
[EventType "swiss"]
[EventRounds "7"]
[EventCountry "COL"]
[Source "lmi"]
[SourceDate "2009.05.30"]

1. e4 c5 2. Nf3 d6 3. d4 cxd4 4. Nxd4 Nf6 5. Nc3 a6 6. f3 e6 7. Be3 b5 8. Qd2
Nbd7 9. g4 Nb6 10. O-O-O Nfd7 11. Qf2 Bb7 12. a3 Rc8 13. g5 Qc7 14. Nde2 Be7
15. Rg1 d5 16. Bxb6 Nxb6 17. exd5 Nxd5 18. Qd4 O-O 19. Rd2 Bc5 20. Qd3 Bxg1 21.
Nxd5 Bxd5 22. Nxg1 Bc4 0-1

[Event "Colombia ch sf 2009 femenina"]
[Site "Buga COL"]
[Date "2009.06.02"]
[Round "7.6"]
[White "Echeverry, Maria Yesenia"]
[Black "Salcedo, Diana"]
[Result "1-0"]
[WhiteElo "1819"]
[BlackElo "1961"]
[PlyCount "135"]
[EventDate "2009.05.30"]
[EventType "swiss"]
[EventRounds "7"]
[EventCountry "COL"]
[Source "lmi"]
[SourceDate "2009.05.30"]

1. d4 Nf6 2. c4 e6 3. Nc3 d5 4. Bf4 Bd6 5. Bxd6 Qxd6 6. c5 Qe7 7. Nf3 O-O 8. e3
Nbd7 9. Be2 c6 10. b4 b6 11. O-O e5 12. Re1 Re8 13. a3 e4 14. Nd2 Nf8 15. Nf1
Be6 16. Rc1 N6d7 17. b5 Rec8 18. bxc6 Rxc6 19. Bb5 Rcc8 20. Ba6 Re8 21. Bb7
Rab8 22. Bxd5 bxc5 23. Bxe4 cxd4 24. Qxd4 Nf6 25. Bf3 Red8 26. Qf4 Ng6 27. Qg3
Qxa3 28. Ne4 Nxe4 29. Bxe4 a5 30. Ra1 Qb4 31. Reb1 Bb3 32. Bc6 Qc3 33. Ba4 Rb4
34. Rc1 Qb2 35. Rab1 Qa2 36. Qc7 Rf8 37. Ra1 Qb2 38. Rcb1 Qf6 39. Qxa5 Rxa4 40.
Rxa4 Bxa4 41. Qxa4 Ne5 42. Ng3 g6 43. Qd4 Rd8 44. Ne4 Qe7 45. Qb6 Nc4 46. Qc6
Ne5 47. Qb5 Kg7 48. h3 f5 49. Ng3 Qd6 50. Qb2 Kf8 51. Qb7 Rd7 52. Qc8+ Kg7 53.
Qc3 Rc7 54. Qb2 Kf7 55. Qb3+ Kg7 56. Rd1 Qe7 57. Qb2 Rb7 58. Qe2 Qe6 59. e4 f4
60. Nf1 f3 61. Qe3 fxg2 62. Kxg2 Rb3 63. Qa7+ Nf7 64. Qd4+ Kg8 65. Ng3 Ng5 66.
Qd8+ Kg7 67. Qxg5 h6 68. Qd8 1-0

[Event "Colombia ch sf 2009 femenina"]
[Site "Buga COL"]
[Date "2009.06.02"]
[Round "7.7"]
[White "Aguilar, Natalia Andrea"]
[Black "Panesso, Lina"]
[Result "1-0"]
[WhiteElo "1930"]
[BlackElo "1989"]
[PlyCount "45"]
[EventDate "2009.05.30"]
[EventType "swiss"]
[EventRounds "7"]
[EventCountry "COL"]
[Source "lmi"]
[SourceDate "2009.05.30"]

1. d4 d5 2. Nf3 c6 3. c4 e6 4. Nc3 dxc4 5. a4 Bb4 6. e4 b5 7. Be3 Bb7 8. Nd2 a6
9. Qg4 Qf6 10. e5 Qg6 11. Qf3 Qc2 12. Rb1 Bxc3 13. bxc3 Qxc3 14. Bxc4 Qc2 15.
axb5 axb5 16. Bxb5 Ne7 17. O-O O-O 18. Bg5 Nf5 19. Bd3 Qa4 20. Rxb7 Qxd4 21.
Bxf5 exf5 22. Qxf5 Ra7 23. Be3 1-0